1 jeu de mots = 1 Joueur de Rugby - Statistiques

Statistiques générales
  • Ce quiz a été pris 883 fois
  • Le résultat moyen est 10 sur 17
Statistiques - réponses
Jeux de mots Animal % Correct
Antoine d'Avignon Antoine Dupont
94%
Camille qui fait miaou Camille Chat
91%
Cyril qui est fatigué Cyril Baille
90%
Paul qui sait que Willem est un beau prénom Paul Willemse
85%
Baptiste qui ne tremble pas Baptiste Serin
84%
Un quart de Dan Dan Carter
83%
Brice qui ne fait pas dans la dentelle Brice Dulin
80%
Bernard le brun meme si son nom ne l'indique pas Bernard le Roux
70%
On cultive des olives avec lui ! Charles Ollivon
69%
Mathieu le cycliste Mathieu Jalibert
67%
Georges Henry, symbole de paix Georges-Henri Colombe
58%
Jake le ballon Jake Ball
44%
Il ne pers pas le nord ! George North
40%
Leigh qui ne vaut pas un sous Leigh Halfpenny
39%
Il dévise tout ses coups de pieds Davies
10%
Chris la brioche Chris Harris
6%
Craig détruit Craig Casey
2%
Aucun quiz correspondant
Distribution des résultats
% des personnes avec chaque résultat
Percentile par nombre de réponses
Votre historique - résultats
Vous n’avez pas pris ce quiz